Biología
Enregistré dans:
| Auteur principal: | |
|---|---|
| Format: | Livre |
| Langue: | espagnol |
| Publié: |
Ciudad de México
McGraw Hill
1996
|
| Édition: | Octava edición |
| Sujets: | |
| Tags: |
Ajouter un tag
Pas de tags, Soyez le premier à ajouter un tag!
|
MARC
| LEADER | 00000nam a2200000 a 4500 | ||
|---|---|---|---|
| 001 | UCS3160 | ||
| 003 | CL-VaPUC | ||
| 005 | 20241023145543.0 | ||
| 008 | 970613e19960000MX |||||||||||||||||spa|d | ||
| 999 | |c 260963 |d 260961 | ||
| 040 | |c Pontificia Universidad Católica de Valparaíso | ||
| 082 | 0 | 4 | |a 570 VIL 1996 |2 21 |
| 100 | 0 | |a Villee, Claude A |9 389157 | |
| 245 | 1 | 0 | |a Biología |
| 250 | |a Octava edición | ||
| 260 | |a Ciudad de México |b McGraw Hill |c 1996 | ||
| 300 | |a 944 páginas | ||
| 583 | |a last modification |c 19970613 00:00:00 |k Rodrigo Vera | ||
| 650 | 7 | |a BIOGENESIS |2 CL-VaPUC |9 389158 | |
| 650 | 0 | |a Biología |9 262022 | |
| 650 | 0 | |a Ácido desoxirribonucleico (ADN) |9 361158 | |
| 650 | 0 | |a Células |9 269548 | |
| 650 | 0 | |a Biología celular |9 341055 | |
| 650 | 0 | |a Botánica |9 264202 | |
| 650 | 0 | |a Zoología |9 261613 | |
| 650 | 0 | |a Cuerpo humano |9 257169 | |
| 650 | 0 | |a Metabolismo |9 259893 | |
| 650 | 0 | |a Conducta humana |9 269906 | |
| 650 | 0 | |a Evolución |9 259442 | |
| 650 | 0 | |a Genética |9 259443 | |
| 650 | 0 | |a Ecología |9 258124 | |
| 650 | 0 | |a Genes |9 330314 | |
| 942 | |c BK |2 ddc | ||
| 945 | |d 19970613 00:00:00 |a amoreno | ||
| 952 | |0 0 |1 0 |2 ddc |4 0 |6 570_000000000000000_VIL_1996 |7 0 |8 A |9 287671 |a BIBCUR |b BIBCUR |d 2019-11-19 |i 3326276 |o 570 VIL 1996 |p 3326276 |r 2025-04-22 |t 3 |w 2019-11-19 |y BK |k BIO | ||
| 952 | |0 0 |1 0 |2 ddc |4 0 |6 570_000000000000000_VIL_1996 |7 0 |8 A |9 287672 |a BIBCUR |b BIBCUR |d 2019-11-19 |i 3329593 |l 1 |o 570 VIL 1996 |p 3329593 |r 2025-04-22 |s 2025-03-20 |t 4 |w 2019-11-19 |y BK |k BAC | ||
| 952 | |0 0 |1 0 |2 ddc |4 0 |6 570_000000000000000_VIL_1996 |7 0 |8 A |9 287675 |a BIBCUR |b BIBCUR |d 2019-11-19 |i 3329623 |o 570 VIL 1996 |p 3329623 |r 2025-04-22 |t 7 |w 2019-11-19 |y BK |k BAC | ||
| 952 | |0 0 |1 0 |2 ddc |4 0 |6 570_000000000000000_VIL_1996 |7 0 |8 A |9 287678 |a BIBCUR |b BIBCUR |d 2019-11-19 |i 3329658 |o 570 VIL 1996 |p 3329658 |r 2025-04-22 |t 10 |w 2019-11-19 |y BK |k BAC | ||
| 952 | |0 0 |1 0 |2 ddc |4 0 |6 570_000000000000000_VIL_1996 |7 0 |8 A |9 287681 |a BIBCUR |b BIBCUR |d 2019-11-19 |i 334648K |l 3 |o 570 VIL 1996 |p 334648K |r 2025-04-22 |s 2023-05-08 |t 13 |w 2019-11-19 |y BK |k BIO | ||
| 952 | |0 0 |1 0 |2 ddc |4 0 |6 570_000000000000000_VIL_1996 |7 0 |8 A |9 287684 |a BIBCUR |b BIBCUR |d 2019-11-19 |i 3346951 |o 570 VIL 1996 |p 3346951 |r 2025-04-22 |t 16 |w 2019-11-19 |y BK |k BIO | ||
| 952 | |0 0 |1 0 |2 ddc |4 0 |6 570_000000000000000_VIL_1996 |7 0 |8 A |9 287685 |a BIBEDU |b BIBEDU |d 2019-11-19 |i 4346858 |l 2 |o 570 VIL 1996 |p 4346858 |r 2022-10-03 |s 2022-09-30 |t 17 |w 2019-11-19 |y BK |k EBA | ||
| 952 | |0 0 |1 0 |2 ddc |4 0 |6 570_000000000000000_VIL_1996 |7 0 |8 A |9 287686 |a BIBEDU |b BIBEDU |d 2019-11-19 |i 4346866 |o 570 VIL 1996 |p 4346866 |r 2019-11-19 |t 18 |w 2019-11-19 |y BK |k EBA | ||